Statistics for State Of Grace - Taylor Swift Lyrics

Click here to take the quiz!

General Stats

  • This quiz has been taken 350 times
  • The average score is 203 of 230

Answer Stats

Answer % Correct
of
100%
I
100%
a
99%
state
99%
is
98%
the
98%
grace
98%
and
97%
you
97%
go
96%
love
95%
this
95%
it
94%
we
94%
never
94%
be
92%
good
92%
are
91%
right
91%
saw
90%
same
90%
in
90%
your
90%
to
90%
so
89%
know
89%
game
89%
coming
88%
I'll
88%
fight
88%
all
88%
with
87%
play
87%
were
87%
ruthless
86%
unless
86%
my
86%
fall
85%
live
85%
me
85%
I'm
84%
touch
84%
you're
84%
our
83%
eyes
83%
worthwhile
82%
just
82%
blue
82%
lights
82%
traffic
82%
don't
82%
four
81%
let
81%
busy
81%
streets
81%
alone
81%
walking
80%
through
80%
shades
79%
something
79%
age
79%
heel
79%
changing
79%
minds
79%
hurts
79%
time
79%
hearts
79%
saint
79%
room
79%
real
79%
lives
78%
fast
78%
wrong
78%
these
78%
hands
78%
twin
77%
golden
77%
bleeds
76%
but
76%
till
76%
pain
76%
broken
75%
fire
75%
achilles
74%
or
74%
up
74%
learn
74%
like
74%
signs
74%
fades
73%
fate
72%
clean
71%
pierce
71%
come
70%
slates
69%
loved
68%
around
68%
falls
68%
armor
67%
wild
66%
cannonball
65%
mosaic
60%
I've
58%
now
58%
brave
47%

Score Distribution

Percentile by Number Answered

Percent of People with Each Score

Your Score History

You have not taken this quiz